| 000 | 00857nam a2200205 a 4500 | ||
|---|---|---|---|
| 008 | 100125s1987 ||||||||||||||||| || u | ||
| 020 | _a9290810025 | ||
| 050 | _aCTA(02) | ||
| 110 | _aTechnical Centre for Agricultural and Rural Cooperation (CTA) | ||
| 245 | 1 | 0 |
_aTropical agriculture information sources. _cTechnical Centre for Agricultural and Rural Cooperation(CTA) |
| 260 |
_aWageningen, Netherlands: _bCTA _c1987 |
||
| 300 | _a181p. | ||
| 350 | _a0.00 | ||
| 490 | _aTechnical Centre for Agricultural and Rural Cooperation(CTA) | ||
| 500 | _avolume 1: European Community | ||
| 650 | _aAGRICULTURE | ||
| 650 | _aTROPICAL AGRICULTURE | ||
| 650 | _aAGRICULTURE--INFORMATION SOURCES | ||
| 995 |
_D0.00 _FCBU-MAIN LIBRARY (Kitwe) _H1 _I0.00 _M1 _UAVAILABLE _WJan 25, 2010 _ZInternational Publications |
||
| 999 |
_c60456 _d60456 |
||